000 00827nam a22002297a 4500
999 _c19041
_d19041
003 AR-CdUCM
008 190226b ||||| |||| 00| 0 spa d
020 _a950125402-x
040 _aMUNICIPALIDAD PROVINCIAL DEL CUSCO
_cBIBLIOTECA MUNICIPAL DEL CUSCO
082 _a320.980 /
_bO21
100 _aO'Donnell, Guillermo
_93409
245 _aTransiciones desde un gobierno autoritario :
_b2 América Latina /
260 _aBuenos Aires :
_bPaidós,
_c1988.
300 _a359 páginas ;
_c25 cm.
505 _aContenido : Casos Latinoamericanos -- Democratización frustrada de Bolivia -- Liberacion del gobierno autoritario...
650 _aCiclos políticos
_940102
650 _aAmérica Latina
_91130
650 _aLiberación política
_940103
700 _aOszlak, Oscar
_940104
942 _2ddc
_cLIBROS
945 _arcc